50 cách đề phòng & chế ngự stress
Nội dung sách giới thiệu 50 cách đề phòng và chế ngự stress: giảm tốc độ trong sinh hoạt hàng ngày, chữa stress bằng thao tác hai bàn tay, dược thảo và dưỡng chất chống stress, những buổi luyện tập chống stress trong nhà và ngoài trời, chăm s...
Zapisane w:
| 1. autor: | |
|---|---|
| Format: | Książka |
| Język: | Undetermined |
| Wydane: |
Tp.Hồ Chí Minh
Nhà xuất bản Tp.Hồ Chí Minh
2005
|
| Hasła przedmiotowe: | |
| Etykiety: |
Dodaj etykietę
Nie ma etykietki, Dołącz pierwszą etykiete!
|
| Thư viện lưu trữ: | Trung tâm Học liệu Trường Đại học Cần Thơ |
|---|
| LEADER | 00957nam a2200205Ia 4500 | ||
|---|---|---|---|
| 001 | CTU_92420 | ||
| 008 | 210402s9999 xx 000 0 und d | ||
| 020 | |c 15000 | ||
| 082 | |a 155.9042 | ||
| 082 | |b M312 | ||
| 100 | |a Minh Anh | ||
| 245 | 0 | |a 50 cách đề phòng & chế ngự stress | |
| 245 | 0 | |c Minh Anh biên soạn | |
| 260 | |a Tp.Hồ Chí Minh | ||
| 260 | |b Nhà xuất bản Tp.Hồ Chí Minh | ||
| 260 | |c 2005 | ||
| 520 | |a Nội dung sách giới thiệu 50 cách đề phòng và chế ngự stress: giảm tốc độ trong sinh hoạt hàng ngày, chữa stress bằng thao tác hai bàn tay, dược thảo và dưỡng chất chống stress, những buổi luyện tập chống stress trong nhà và ngoài trời, chăm sóc bản thân... | ||
| 650 | |a Anxiousness,Stress | ||
| 904 | |i Tuyến | ||
| 980 | |a Trung tâm Học liệu Trường Đại học Cần Thơ | ||